Statistics for Election of 1912 - True or False?

Click here to take the quiz!

General Stats

  • This quiz has been taken 9 times
  • The average score is 12 of 15

Answer Stats

QuestionAnswer% Correct
Eugene V. Debs received some electoral votesFalse
100%
The Bull Moose Party received more votes than the Republican PartyTrue
100%
Conversely, Teddy Roosevelt could not be found on the ballot in LouisianaFalse
86%
William Howard Taft received the fewest electoral votes of any Republican candidate, everTrue
86%
Roosevelt-supporting Republicans in South Dakota refused to put Taft on the ballotTrue
86%
Teddy Roosevelt was shot and nearly killed while campaigningTrue
86%
California was won by less than 100 votesFalse
71%
Five unpledged electors from Pennsylvania are to thank for Wilson's victoryFalse
71%
A brawl between Roosevelt and Wilson supporters broke out three weeks before election day, resulting in two deathsFalse
71%
Having failing to field a proper candidate, the Prohibition Party posthumously selected George WashingtonFalse
71%
Wilson won South Carolina by a margin of over 95%True
71%
This election marked Massachusetts's first time voting DemocraticTrue
71%
Taft's Vice President, James Sherman, died just a week before the electionTrue
71%
No county was fully Republican, but plenty were fully DemocratTrue
71%
Eugene Debs was the only major candidate to have served in CongressTrue
57%

Score Distribution

Percentile by Number Answered

Percent of People with Each Score

Your Score History

You have not taken this quiz